00381nam a2200181Ia 4500003000900000008004100009040001300050040001300063041000800076100002100084245003200105250001400137260001100151260000900162300001100171300001000182490000700192IT-RoPAU120407s9999 xx 000 0 und d aIT-RoPAU cIT-RoPAU aita aNicola Abbagnano aFilosofia religione scienza aTorino  aTaylor c1947 a196 p. c21 cm v11